Taylor Swift Track 8 Songs - Sudden Death - Statistics

General Stats
  • This quiz has been taken 41 times
  • The average score is 4 of 8
Answers on the Grid
Answers color-coded by a green-red scale on the quiz's grid according to % correct below.
Paper Rings
Stay Beautiful
Stay Stay Stay
coney island
Mean
Gorgeous
You’re Not Sorry
august
Wildest Dreams
Florida!!!
We Are Never Ever Getting Back Together
Enchanted
dorothea
Tell Me Why
Getaway Car
Shake It Off
 
Answer Stats
Answer % Correct
Paper Rings
77%
august
54%
Florida!!!
54%
Gorgeous
46%
dorothea
38%
We Are Never Ever Getting Back Together
38%
Stay Beautiful
31%
Tell Me Why
31%
No matching quizzes found
Score Distribution
Percent of People with Each Score
Percentile by Number Answered
Your Score History
You have not taken this quiz